ბათუმის შოთა რუსთაველის სახელმწიფო უნივერსიტეტის ბიბლიოთეკა

ყამირების მექანიკა და ფუძე-საძირკვლები / (ბიბ.ჩანაწერი № 39227)

000 -ლიდერი
ფიქსირებული სიგრძის საკონტროლო ველი 01022nam a2200229Ia 4500
001 - საკონტროლო ნომერი
საკონტროლო ველი 5813
003 - საკონტროლო ნომრის იდენტიფიკატორი
საკონტროლო ველი GE_BSU
005 - ბოლო ოპერაციის თარიღი და დრო
საკონტროლო ველი 20190428213030.0
008 - ფიქსირებული სიგრძის მონაცემთა ელემენტები - ზოგადი ინფორმაცია
ფიქსირებული სიგრძის საკონტროლო ველი 181216s1969||||ge |||||||||||||| ||geo||
040 ## - კატალოგიზაციის წყარო
Transcribing agency GE_BSU
041 ## - ენის კოდი
Language code of text/sound track or separate title geo
080 ## - უნივერსალური ათობითი კლასიფიკაციის ინდექსი
Universal Decimal Classification number 624.131(075.8) მ-97
100 ## - მთავარი ჩანაწერი - პიროვნების სახელი
Personal name მშვენიერაძე, დ.
9 (RLIN) 512
245 ## - ცნობა სათაურის შესახებ
Title ყამირების მექანიკა და ფუძე-საძირკვლები /
Statement of responsibility, etc დ.მშვენიერაძე, დ. კერესელიძე ; რედ. ჩ.გურგენიძე.
260 ## - გამოქვეყნების, გავრცელების, და სხვა. ცნობები
Date of publication, distribution, etc .
264 ## - წარმოების, გამოცემის, დისტრიბუციის და სხვა ცნობები
გამოცემის, წარმოების, დისტრიბუციის... ადგილი თბილისი :
გამოცემის, წარმოების, დისტრიბუციის... სახელწოდება განათლება ;
გამოცემის, წარმოების, დისტრიბუციის... თარიღი 1969.
300 ## - ფიზიკური აღწერა
Extent 414გვ. :
Other physical details ილ. ;
Dimensions 22 სმ.
653 ## - INDEX TERM--UNCONTROLLED
Uncontrolled term ყამირების მექანიკა და ფუძე-საძირკვლები
700 ## - ADDED ENTRY--PERSONAL NAME
Personal name კერესელიძე, დ.
Relator term ავტორი
9 (RLIN) 513
700 ## - ADDED ENTRY--PERSONAL NAME
Personal name გურგენიძე, ჩ.
Relator term რედაქტორი
9 (RLIN) 514
942 ## - ADDED ENTRY ELEMENTS (KOHA)
Koha item type წიგნი
Source of classification or shelving scheme
ეგზემპლარები
ჩამოწერის სტატუსი დაკარგული ეგზემპლარის სტატუსი კლასიფიკაციის წყარო ან თაროზე გაწყობის სქემა დაზიანების სტატუსი არ გაიცემა მუდმივი მდებარეობა (დაცვის ადგილი) ამჟამინდელი ადგილსამყოფელი თაროზე განთავსების ადგილი შეძენის თარიღი ღირებულება, შესყიდვის ნორმალური ფასი სრული შენახვის შიფრი შტრიხკოდი ბოლო ოპერაციის თარიღი ეგზემპლარის მიმდევრობითი ნომერი (კეტერი?) ფასის ძალაში შესვლის თარიღი ეგზემპლარის სახეობა საჯარო შენიშვნა
          ბათუმის შოთა რუსთაველის სახელმწიფო უნივერსიტეტის მთავარი ბიბლიოთეკა ტექნოლოგიური ფაკულტეტის ბიბლიოთეკა წიგნსაცავი 2018-12-17 2.36 624.131(075.8) მ-97 11541 2018-12-17 11541 2018-12-17 წიგნი 2.36 ლ.
          ბათუმის შოთა რუსთაველის სახელმწიფო უნივერსიტეტის მთავარი ბიბლიოთეკა ტექნოლოგიური ფაკულტეტის ბიბლიოთეკა წიგნსაცავი 2018-12-17 2.36 624.131(075.8) მ-97 11542 2018-12-17 11542 2018-12-17 წიგნი 2.36 ლ.
          ბათუმის შოთა რუსთაველის სახელმწიფო უნივერსიტეტის მთავარი ბიბლიოთეკა ტექნოლოგიური ფაკულტეტის ბიბლიოთეკა წიგნსაცავი 2018-12-17 2.36 624.131(075.8) მ-97 11543 2018-12-17 11543 2018-12-17 წიგნი 2.36 ლ.